MARC details
| 000 -LEADER |
| fixed length control field |
01874cam a22003734a 4500 |
| 001 - CONTROL NUMBER |
| control field |
13595986 |
| 003 - CONTROL NUMBER IDENTIFIER |
| control field |
OSt |
| 005 - DATE AND TIME OF LATEST TRANSACTION |
| control field |
20160910152756.0 |
| 008 - FIXED-LENGTH DATA ELEMENTS--GENERAL INFORMATION |
| fixed length control field |
040514s2005 paua b 001 0 eng |
| 010 ## - LIBRARY OF CONGRESS CONTROL NUMBER |
| LC control number |
2004011366 |
| 020 ## - INTERNATIONAL STANDARD BOOK NUMBER |
| International Standard Book Number |
0-7817-4505-5 (alk. paper) |
| 035 ## - SYSTEM CONTROL NUMBER |
| System control number |
(DNLM)101217326 |
| 040 ## - CATALOGING SOURCE |
| Original cataloging agency |
DNLM/DLC |
| Transcribing agency |
DLC |
| Modifying agency |
DLC |
| 042 ## - AUTHENTICATION CODE |
| Authentication code |
pcc |
| 050 00 - LIBRARY OF CONGRESS CALL NUMBER |
| Classification number |
RT98 |
| Item number |
.H86 2005 |
| 060 10 - NATIONAL LIBRARY OF MEDICINE CALL NUMBER |
| Classification number |
WY 106 |
| Item number |
H946i 2005 |
| 082 00 - DEWEY DECIMAL CLASSIFICATION NUMBER |
| Classification number |
DC 610.7343 |
| Edition number |
2005 |
| Item number |
H91i |
| 100 1# - MAIN ENTRY--PERSONAL NAME |
| Personal name |
Hunt, Roberta. |
| 245 10 - TITLE STATEMENT |
| Title |
Introduction to community-based nursing / |
| Statement of responsibility, etc. |
Roberta Hunt. |
| 246 30 - VARYING FORM OF TITLE |
| Title proper/short title |
Community-based nursing |
| 250 ## - EDITION STATEMENT |
| Edition statement |
Third Edition |
| 260 ## - PUBLICATION, DISTRIBUTION, ETC. (IMPRINT) |
| Place of publication, distribution, etc. |
Philadelphia : |
| Name of publisher, distributor, etc. |
Lippincott Williams & Wilkins, |
| Date of publication, distribution, etc. |
c2005. |
| 300 ## - PHYSICAL DESCRIPTION |
| Extent |
xvi, 472 pages : |
| Other physical details |
illustrations ; |
| Dimensions |
24 cm. |
| 365 ## - TRADE PRICE |
| Price amount |
2,295.00 |
| Currency code |
Php |
| 504 ## - BIBLIOGRAPHY, ETC. NOTE |
| Bibliography, etc |
Includes bibliographical references and index. |
| 505 0# - FORMATTED CONTENTS NOTE |
| Formatted contents note |
Overview of community-based nursing -- Health promotion and disease prevention -- Culture care -- Family care -- Assessment: individual, family, and community -- Client teaching -- Case management -- Continuity of care -- Health promotion and disease prevention for maternal/infant populations, children, and adolescents -- Health promotion and disease prevention for adults -- Health promotion and disease prevention for elderly adults -- |
| 505 0# - FORMATTED CONTENTS NOTE |
| Formatted contents note |
Practice settings and specialities -- Home health care nursing -- Specialized home health care nursing -- Mental health nursing in community-based settings -- Trends in community-based nursing. |
| 650 #0 - SUBJECT ADDED ENTRY--TOPICAL TERM |
| Topical term or geographic name as entry element |
Community health nursing. |
| 650 12 - SUBJECT ADDED ENTRY--TOPICAL TERM |
| Topical term or geographic name as entry element |
Community Health Nursing. |
| 856 42 - ELECTRONIC LOCATION AND ACCESS |
| Materials specified |
Publisher description |
| Uniform Resource Identifier |
<a href="http://www.loc.gov/catdir/enhancements/fy0712/2004011366-d.html">http://www.loc.gov/catdir/enhancements/fy0712/2004011366-d.html</a> |
| 906 ## - LOCAL DATA ELEMENT F, LDF (RLIN) |
| a |
7 |
| b |
cbc |
| c |
orignew |
| d |
1 |
| e |
ecip |
| f |
20 |
| g |
y-gencatlg |
| 942 ## - ADDED ENTRY ELEMENTS (KOHA) |
| Source of classification or shelving scheme |
Dewey Decimal Classification |
| Koha item type |
Circulation |